| 000 | 00446cam a2200181ua 4500 | ||
|---|---|---|---|
| 020 | _c2.75 | ||
| 041 |
_ahin _h |
||
| 082 |
_a891.43 _bMAS/ST |
||
| 100 | _aMashroovala, . | ||
| 245 |
_aSthree purush maryatha / _cMashroovala. _hTextual Documents |
||
| 250 |
_a1 / _b. |
||
| 260 |
_aAhamadabad : _bNavjeevan prakashan mandir , _c1951. |
||
| 300 | _a180 ; . | ||
| 365 | _a2.75 | ||
| 504 | _a | ||
| 942 | _cBK | ||
| 999 |
_c12171 _d12171 |
||